| 000 | 00700nam a2200253Ia 4500 | ||
|---|---|---|---|
| 003 | OSt | ||
| 005 | 20140312094500.0 | ||
| 008 | 140130s9999 xx 000 0 und d | ||
| 020 | _a9780439884327 | ||
| 050 |
_aPZ 7 _b.K29637Lu 2006 |
||
| 100 |
_aKelly, Katy. _931221 |
||
| 245 |
_cKaty Kelly. _aLucy Rose: _bhere's the thing about me / |
||
| 260 |
_bScholastic Inc., _aUSA : _cc2006. |
||
| 300 |
_a137 p. : _bill. ; _c23 cm. |
||
| 440 |
_v1 _931174 |
||
| 521 | _aG12 | ||
| 526 | _c1190 | ||
| 650 |
_aMoving, Household _xFiction. _931222 |
||
| 650 |
_aSchools _xFiction. _931223 |
||
| 650 |
_aFamily life _xWashington (D.C.) _931224 |
||
| 942 |
_cBK _2lcc |
||
| 999 |
_c41439 _d41439 |
||